| 000 | 00421nam a22001337a 4500 | ||
|---|---|---|---|
| 082 |
_a200 _bMOO/B |
||
| 100 | _aREV. Z M MOOZHOOR | ||
| 245 |
_aBLESSED CHAVARA _bTHE STAR OF THE EAST |
||
| 260 |
_aKOTTAYAM _bDC OFFSET PRINTERS _c1993 |
||
| 300 | _a138 | ||
| 520 | _aTHE BOOK REPRESENTS THE SPIRIT OF INDIAN CHRISTIANITY AT ITS BEST AND THE MALABAR CHURCH AT ITS MOST RESPLENDENT | ||
| 650 |
_aRELIGIOUS _zKERALA |
||
| 942 | _cBK | ||
| 999 |
_c5111 _d5111 |
||